000 01024cam a22002654a 4500
001 12115065
005 20150716112200.0
008 000721s2001 ilua b 001 0 eng
010 _a 00059681
020 _a0880116889 (pbk.)
040 _aDLC
_cDLC
_dDLC
042 _apcc
050 0 0 _aGV363
_b.K32 2001
082 0 0 _a613.7/071/273
_221
100 1 _aKaardal, Kevin,
_d1962-
245 1 0 _aLearning by choice in secondary physical education :
_bcreating a goal-directed program /
_cKevin Kaardal.
260 _aChampaign, IL :
_bHuman Kinetics,
_cc2001.
300 _avii, 256 p. :
_bill. ;
_c28 cm.
504 _aIncludes bibliographical references (p. 253) and index.
650 0 _aPhysical education and training
_xStudy and teaching (Secondary)
650 0 _aPhysical education and training
_xCurricula.
906 _a7
_bcbc
_corignew
_d1
_eocip
_f20
_gy-gencatlg
942 _2ddc
_cBOOK
999 _c368
_d368